Normal view MARC view
  • Electrical Engineering -Ms Thesis

Entry Personal Name

Number of records used in: 17

001 - CONTROL NUMBER

  • control field: 15630

003 - CONTROL NUMBER IDENTIFIER

  • control field: NUST

005 - DATE AND TIME OF LATEST TRANSACTION

  • control field: 20190626102333.0

008 - FIXED-LENGTH DATA ELEMENTS

  • fixed length control field: 190626|| aca||aabn | a|a d

040 ## - CATALOGING SOURCE

  • Original cataloging agency: NUST
  • Transcribing agency: NUST

100 ## - HEADING--PERSONAL NAME

  • Personal name: Electrical Engineering -Ms Thesis

670 ## - SOURCE DATA FOUND

  • Source citation: Work cat.: (NUST)524835: Abdullah Tariq, 3D Digitization and Mapping of Heritage Monuments Using Low Cost Light Weight Unmanned Aerial Vehicle (UAV)/, 2018.
© 2023 Central Library, National University of Sciences and Technology. All Rights Reserved.